Responses for Show #2955 - Friday, June 6, 1997

Wes Ulm game 3.

Contestants

[<< previous game]

Peter Higgins, a graduate student from Durham, North Carolina

Jennifer Tobias-Turner, a retailer & importer originally from Rapid City, South Dakota

Wes Ulm, a medical student from Alexandria, Virginia (whose 2-day cash winnings total $30,000)

[next game >>]

Jeopardy! Round responses

SAN FRANCISCO
TV ACTORS & ROLES
17th CENTURY FASHION
SCIENCE & NATURE
CAR PARTS
____ AND ____
    $100 4
(Peter: What is a trolley?)
(Alex: be more specific... no.)

cable car

JenniferPeter
    $100 14
Frasier

Peter
    $100 5
the Bible

Jennifer
    $100 9
lightning

Wes
    $100 22
(Wes: What is the anti-freeze tank?)

the radiator

WesJennifer
    $100 27
hit and run

Wes
    $200 2
the Loma Prieta earthquake

Wes
    $200 25
David Duchovny

Jennifer
    $200 6
stockings

Peter
    $200 8
photosynthesis

Peter
    $200 10
shoes

Wes
    $200 19
fluff and fold

Triple Stumper
    $300 11
(Wes: What is Nob Hill?)

Telegraph Hill

WesJennifer
    $300 28
Northern Exposure

Wes
    $300 26
a cravat

Wes
    $300 7
tundra

Peter
    $300 15
the alternator

Wes
    $300 16
kiss and tell

Peter
    $400 12
Golden Gate Park

Peter
    $400 29
(Peter: [No response])

Matthew Perry

Peter
Triple Stumper
    $500 23
a collar

Jennifer
    $400 1
the manatee

Wes
    $400 20
the clutch

Peter
    $400 17
twist and shout

Peter
    $500 13
the Presidio

Jennifer
    $500 30
"Coach"

Peter
    $500 24
periwig

Jennifer
    $500 3
tumbleweed

Jennifer
    $500 21
the pinion

Peter
    $500 18
(Jennifer: Who are Amos and Andy?)

Bob and Ray

Jennifer
Triple Stumper

Scores at the first commercial break (after clue 15):

Wes Jennifer Peter
$900 $1,500 $1,100

Scores at the end of the Jeopardy! Round:

Wes Jennifer Peter
$1,500 $2,300 $2,800

Double Jeopardy! Round responses

ART EXHIBITS
HISTORIC NAMES
THE OLD TESTAMENT
MARLON BRANDO FILMS
WORLD CAPITALS
AUTHORS
    $200 7
(Wes: What is dance?)
(Peter: What is piercing?)

tattoo

WesJenniferPeter
    $200 29
Stradivarius

Wes
    $200 30
the Plagues

Peter
    $200 28
(Wes: What is The Godfather?)

Last Tango in Paris

WesJennifer
    $200 5
San Jose

Wes
    $200 17
Stephen King

Wes
    $400 8
Impressionism

Jennifer
    $400 18
Ferdinand Magellan

Wes
    $400 6
Deuteronomy

Jennifer
    $400 27
The Island of Dr. Moreau

Jennifer
    $400 4
Moscow

Wes
    $400 11
Sinclair Lewis

Wes
    $600 9
the Hermitage

Wes
    $600 19
Pliny

Jennifer
    $600 10
(Jennifer: Who are Adam & Eve?)

Noah

Jennifer
Triple Stumper
    $600 24
The Freshman

Jennifer
    $600 3
Nairobi

Wes
    $600 14
Kurt Vonnegut, Jr.

Wes
    $800 20
James McNeill Whistler

Wes
    $1,500 22
(Alex: If nothing else, Wes, this Daily Double gives you a chance to relax because you've been frantic on that signalling button!)

Henry VIII & Anne Boleyn

Wes
    $800 12
(Alex: And it's a name we heard just a little while ago: What is Amos?--not Andy.)

Amos

Triple Stumper
    $3,000 25
Guys and Dolls

Jennifer
    $800 1
Riyadh

Wes
    $800 15
Mark Twain

Wes
    $1000 21
Robert Mapplethorpe

Wes
    $1000 23
John Calvin

Peter
    $1000 13
Esther

Wes
    $1000 26
Viva Zapata!

Jennifer
    $1000 2
(Peter: What is St. George?)

Georgetown

WesPeter
    $1000 16
J.R.R. Tolkien

Wes

Scores at the end of the Double Jeopardy! Round:

Wes Jennifer Peter
$12,600 $8,500 $2,800

[wagering suggestions for these scores]

Final Jeopardy! Round responses

STOCK SYMBOLS
(Alex: If you play the market, you're in good shape on this one!)
(Alex: Jack Nicklaus is known as the "Golden Bear" & he's also chairman of the board of the company.)
PeterWhat is JACK?
$2,750
JenniferWhat is NICK
$300
WesWhat is Jack
$4,401
JACK (for Jack Nicklaus)

Final scores:

Wes Jennifer Peter
$17,001 $8,200 $5,550
3-day champion: $47,001 2nd place: Trip to Harbour Village Beach Resort, Bonaire 3rd place: Ducane 2004SS Gas Grill

Game dynamics:

Coryat scores:

Wes Jennifer Peter
$11,900 $6,200 $2,800
25 R
(including 1 DD),
4 W
18 R
(including 2 DDs),
2 W
12 R,
4 W

Combined Coryat: $20,900

[game clues] [game scores] [suggest correction]

Game tape date: 1997-01-28
The J! Archive is created by fans, for fans. Scraping, republication, monetization, and malicious use prohibited; this site may use cookies and collect identifying information. See terms. The Jeopardy! game show and all elements thereof, including but not limited to copyright and trademark thereto, are the property of Jeopardy Productions, Inc. and are protected under law. This website is not affiliated with, sponsored by, or operated by Jeopardy Productions, Inc. Join the discussion at JBoard.tv.